El palacio legislativo : (Registro nro. 11770)

Detalles MARC
000 -LEADER
campo de control de longitud fija 02347cam a22004814i 4500
003 - IDENTIFICADOR DE NÚMERO DE CONTROL
campo de control PE-LiUPU
005 - FECHA Y HORA DE LA ÚLTIMA TRANSACCIÓN
campo de control 20250731183352.0
008 - DATOS DE LONGITUD FIJA--INFORMACIÓN GENERAL
campo de control de longitud fija 160809s2010 r 000 0 spa d
020 ## - NÚMERO INTERNACIONAL ESTÁNDAR DEL LIBRO
Número Internacional Estándar del Libro 9789972221491
020 ## - NÚMERO INTERNACIONAL ESTÁNDAR DEL LIBRO
Número Internacional Estándar del Libro 9972221490
035 ## - NÚMERO DE CONTROL DEL SISTEMA
Número de control de sistema (Sirsi) a162827
082 04 - NÚMERO DE LA CLASIFICACIÓN DECIMAL DEWEY
Número de clasificación 720.985
Cutter P1
245 03 - MENCIÓN DEL TÍTULO
Título El palacio legislativo :
Resto del título arquitectura, arte e historia /
Mención de responsabilidad, etc. Juan Günther, José García Bryce, Luis Eduardo Wuffarden ... [et al.] ; [presentación, Luis Gonzales Posada ; corrección, Jorge Coaguila].
264 ## - PRODUCCIÓN, PUBLICACIÓN, DISTRIBUCIÓN, FABRICACIÓN Y COPYRIGHT
Producción, publicación, distribución, fabricación y copyright Lima, Perú :
Nombre del de productor, editor, distribuidor, fabricante Fondo editorial del Congreso del Perú,
Fecha de producción, publicación, distribución, fabricación o copyright 2010.
300 ## - DESCRIPCIÓN FÍSICA
Extensión 368 páginas :
Otras características físicas ilustraciones ;
Dimensiones 31 centímetros.
336 ## - TIPO DE CONTENIDO
Término de tipo de contenido text
Fuente rdacontent
337 ## - TIPO DE MEDIO
Nombre/término del tipo de medio unmediated
Fuente rdamedia
338 ## - TIPO DE SOPORTE
Nombre/término del tipo de soporte volume
Fuente rdacarrier
504 ## - NOTA DE BIBLIOGRAFÍA, ETC.
Nota de bibliografía, etc. Índice: páginas 359-365.
505 0# - NOTA DE CONTENIDO CON FORMATO
Nota de contenido con formato De la plaza Bolívar del Congreso: historia del Palacio Legislativo -- La arquitectura del Palacio Legislativo -- El patrimonio artístico del Palacio Legislativo -- De la independencia a la consolidación del Poder Legislativo (1821-1849) -- El congreso en el fortalecimiento del Estado Peruano y durante la República Aristocrática (1849-1919) -- De la patria nueva a la crisis del 30 (1919-1932) -- De la inquisición al senado y al Museo de la inquisición del Congreso.
526 ## - NOTA DE INFORMACIÓN SOBRE EL PROGRAMA DE ESTUDIO
Nombre del programa Maestría Bim Facility Management (A distancia)
526 ## - NOTA DE INFORMACIÓN SOBRE EL PROGRAMA DE ESTUDIO
Nombre del programa
526 ## - NOTA DE INFORMACIÓN SOBRE EL PROGRAMA DE ESTUDIO
Nombre del programa Educación musical y artes
526 ## - NOTA DE INFORMACIÓN SOBRE EL PROGRAMA DE ESTUDIO
Nombre del programa Educación, especialidad educación física
526 ## - NOTA DE INFORMACIÓN SOBRE EL PROGRAMA DE ESTUDIO
Nombre del programa Arquitectura
596 ## -
-- 1
610 2# - PUNTO DE ACCESO ADICIONAL DE MATERIA--NOMBRE DE ENTIDAD CORPORATIVA
Nombre de entidad corporativa o nombre de jurisdicción como elemento de entrada Perú.
Unidad subordinada Congreso
Subdivisión general Edificios.
610 2# - PUNTO DE ACCESO ADICIONAL DE MATERIA--NOMBRE DE ENTIDAD CORPORATIVA
Nombre de entidad corporativa o nombre de jurisdicción como elemento de entrada Perú.
Unidad subordinada Congreso
Subdivisión general Historia.
650 14 - PUNTO DE ACCESO ADICIONAL DE MATERIA--TÉRMINO DE MATERIA
Término de materia o nombre geográfico como elemento de entrada Edificios públicos
Subdivisión geográfica Perú
-- Lima
Subdivisión general Diseño y construcción.
650 24 - PUNTO DE ACCESO ADICIONAL DE MATERIA--TÉRMINO DE MATERIA
Término de materia o nombre geográfico como elemento de entrada Edificios públicos en el arte
Subdivisión geográfica Perú
-- Lima.
650 24 - PUNTO DE ACCESO ADICIONAL DE MATERIA--TÉRMINO DE MATERIA
Término de materia o nombre geográfico como elemento de entrada Monumentos históricos
Subdivisión geográfica Perú
-- Lima.
650 24 - PUNTO DE ACCESO ADICIONAL DE MATERIA--TÉRMINO DE MATERIA
Término de materia o nombre geográfico como elemento de entrada Arte y arquitectura
Subdivisión geográfica Perú
-- Lima.
650 24 - PUNTO DE ACCESO ADICIONAL DE MATERIA--TÉRMINO DE MATERIA
Término de materia o nombre geográfico como elemento de entrada Arquitectura
Subdivisión geográfica Perú
Subdivisión general Historia
Subdivisión cronológica Siglos XIX-XX.
700 1# - ENTRADA AGREGADA--NOMBRE PERSONAL
Nombre de persona Günther Doering, Juan,
Fechas asociadas al nombre 1927-
700 1# - ENTRADA AGREGADA--NOMBRE PERSONAL
Nombre de persona García Bryce, José,
Fechas asociadas al nombre 1928-2020.
700 1# - ENTRADA AGREGADA--NOMBRE PERSONAL
Nombre de persona Wuffarden, Luis Eduardo,
Fechas asociadas al nombre 1954-
700 1# - ENTRADA AGREGADA--NOMBRE PERSONAL
Nombre de persona Gonzales Posada, Luis,
Fechas asociadas al nombre 1945-
700 1# - ENTRADA AGREGADA--NOMBRE PERSONAL
Nombre de persona Coaguila, Jorge,
Fechas asociadas al nombre 1970-
700 1# - ENTRADA AGREGADA--NOMBRE PERSONAL
Nombre de persona Perú.
Numeración Congreso.
942 ## - ELEMENTOS DE ENTRADA SECUNDARIOS (KOHA)
Fuente del sistema de clasificación o colocación Clasificación Decimal Dewey
Tipo de ítem Koha
999 ## - NÚMEROS DE CONTROL DE SISTEMA (KOHA)
-- DEWEY
-- 69725
-- 2018-5-10
-- 2019-12-11
-- 6
-- CCODEBUL1
-- BUL
-- 1
-- 6.00
-- 1
-- 0
-- Y
-- BOOK
-- 2016-8-9
-- INGENIERIA
-- P06
-- COMPRA
-- .STAFF. Colección General
980 ## - EQUIVALENCIA O REFERENCIA-CRUZADA-MENCIÓN DE SERIE--NOMBRE DE PERSONA/TÍTULO [LOCAL, CANADÁ]
ID del último usuario que modificó el registro 1
Nombre del último usuario que modificó el registro ALBERTO SANCHEZ Responsable de Automatización
Existencias
Visto por última vez Número de inventario Total de préstamos Signatura topográfica completa Código de barras Fecha del último préstamo Copia número Coste, precio de reemplazo Fecha de reemplazo Facultad Tipo de ítem Koha Nota pública Estado de pérdida Fuente del sistema de clasificación o colocación Restricciones de uso No para préstamo Colección Programa académico Biblioteca de origen Biblioteca actual Ubicación en estantería Fecha de adquisición Fuente de adquisición Coste, precio normal de compra
2025-12-03 7 1 720.985 P1 69725 2018-05-10 e1 11.00 2016-08-09 FIA Libros físicos inventario-2023-12-13 No Perdido Clasificación Decimal Dewey No restringido Disponible para préstamos Colección General Arquitectura Biblioteca CRAI UPeU Lima Biblioteca CRAI UPeU Lima Sala principal 2016-08-09 COMPRA 6.00